000 01795nam a2200205Ia 4500
008 220216s9999 xx 000 0 und d
100 _aKakroodi AR
245 0 _aHighly filled thermoplastic elastomers from ground tire rubber, maleated polyethylene and high density polyethylene
260 _bPlastics, Rubber and Composites Macromolecular Engineering
_c2013
300 _a115-122
520 _aIn this work, maleated polyethylene (MAPE) is proposed as a matrix to produce thermoplastic elastomers based on ground tire rubber (GTR) with a focus on high GTR contents (50-90 wt-;). The compounds were also compared with thermoplastic elastomers based on high density polyethylene (HDPE) as the matrix. Scanning electron microscopy images revealed high compatibility and very good interfacial adhesion between the MAPE matrix and rubber particles. Samples in the range of 50-70;of GTR in MAPE showed very good tensile elongation at break and tensile strength, while the properties decreased for samples at higher GTR content. The elasticity of the thermoplastic elastomers was also investigated via compression set measurements. All GTR/MAPE compounds showed highly elastic behaviour with elasticity increasing with GTR content. Tensile and elastic recovery values of HDPE/GTR compounds, with and without MAPE coupling agent, were significantly lower than those based on MAPE. High stability was observed for both MAPE and HDPE based compounds after thermal aging at 70dC. Thermal degradation was also characterised with respect to changes in melt viscosities.
650 _aGround tire rubber
650 _aMaleic anhydride
650 _aPolyethylene
650 _aRecycling
650 _aThermal stability
650 _aThermoplastic elastomer
700 _aRodrigue D
942 _cJS
999 _c60425
_d60425